|
|
|
|
| LEADER |
00000cam a2200000 7i4500 |
| 001 |
0000001200 |
| 002 |
000001324 |
| 005 |
20000330.0 |
| 020 |
|
|
|a 9839817108
|
| 090 |
0 |
0 |
|a JF
|b PEN
|
| 245 |
1 |
0 |
|a Pengembaraan Sang Kancil
|c diceritakan semula oleh Johnny Ong dan Sulaiman Zakaria ; illustrasi oleh Edwin Tan
|
| 260 |
|
|
|a Petaling Jaya :
|b Tioman Books ,
|c 1993
|
| 300 |
|
|
|a 24p. :
|b ill. ;
|c 28cm.
|
| 650 |
0 |
0 |
|a Folklore
|
| 700 |
1 |
|
|a Tan, Edwin ,
|e illustrated
|
| 999 |
|
|
|a 032549
|b BUKU
|c PINJAMAN
|e PERPUSTAKAAN KOMUNITI PETALING JAYA
|
| 999 |
|
|
|a 032550
|b BUKU
|c PINJAMAN
|e PERPUSTAKAAN KOMUNITI PETALING JAYA
|
| 999 |
|
|
|a 032551
|b BUKU
|c PINJAMAN
|e PERPUSTAKAAN KOMUNITI PETALING JAYA
|